00250nam a22001097a 4500100002100000245004600021260002600067300000700093650002200100650000900122650000900131 aAriyaratne,M.S.K aPlastic Packaging and its effects on Food aColombobIchemcc2016 a37 aplastic packaging a2016 afood